Methoden-Handbuch Deutschsprachiger Fachunterricht (DFU)

Na minha lista:
Detalhes bibliográficos
Autor principal: Leisen, Josef
Formato: Livro
Idioma:alemão
Publicado em: Goch Pagina 2015
Assuntos:
Tags: Adicionar Tag
Sem tags, seja o primeiro a adicionar uma tag!

MARC

LEADER 00000nam a2200000 4500
001 0292425
005 20240416113828.0
020 |a 3-928475-56-8 
020 |a 978-3-944146-70-6 
041 0 |a ger 
044 |a DE 
245 1 0 |a Methoden-Handbuch  |b Deutschsprachiger Fachunterricht (DFU)  |c Herausgegeben von Josef Leisen 
264 1 |a Goch  |b Pagina  |c 2015 
300 |a [400 s.] 
610 2 0 |a nemčina 
610 2 0 |a jazyky cudzie 
610 2 0 |a terminológia 
610 2 0 |a štylistika 
610 2 0 |a gramatika 
610 2 0 |a slovníky 
610 2 0 |a pedagogika 
610 2 0 |a vyučovanie 
610 2 0 |a vzdelávanie 
100 1 |a Leisen, Josef